| 000 | 01134nam a22003257a 4500 | ||
|---|---|---|---|
| 005 | 20180306115046.0 | ||
| 010 | _aBAC-CH25 | ||
| 020 |
_a9780545021364 _c250.00 |
||
| 020 |
_a9780545021364 _c295.00 (AV) |
||
| 035 | _aB-562588-622 | ||
| 035 | _aB-665245 | ||
| 035 | _aG-003039 | ||
| 037 |
_bABC _adpl |
||
| 082 | _aS | ||
| 100 | _aStilton, Geronimo | ||
| 245 |
_aGeronimo's valentine / _cby Geronimo Stilton |
||
| 260 |
_aNew York _bScholastic, _c2014 |
||
| 270 |
_a557 Broadway _bNew York _e10012 |
||
| 300 |
_a103p. : _bcol.ill. _c20cm(pbk) |
||
| 650 |
_aMice _vFiction. |
||
| 650 |
_aValentine's Day _vFiction. |
||
| 650 |
_aJournalists _vFiction. |
||
| 650 | _aMystery and detective stories. | ||
| 650 | _aHumorous stories. | ||
| 700 | _a Ferrario, Giuseppe | ||
| 942 |
_2ddc _cCH _hS _mSTI |
||
| 999 |
_c87211 _d87211 |
||